[Event "Kuwait Amateur Group A"]
[Site "Kuwait"]
[Date "2017.11.13"]
[Round "9.6"]
[White "Nandakumar, Menon"]
[Black "Bitaga, Larry"]
[Result "0-1"]
[WhiteElo "1481"]
[BlackElo "1534"]
[PlyCount "82"]
[EventDate "2017.11.05"]
[EventType "swiss"]
[EventRounds "9"]
[EventCountry "KUW"]
[SourceTitle "EXT 2024"]
[Source "ChessBase"]
[SourceDate "2023.10.10"]
[SourceVersion "1"]
[SourceVersionDate "2023.10.10"]
[SourceQuality "1"]

1. e4 e5 2. Nf3 d6 3. Bc4 Be6 4. Bxe6 fxe6 5. Nc3 Nf6 6. d3 Be7 7. Bg5 Nbd7 8. Ne2 c6 9. c3 Qb6 10. Qc2 d5 11. Be3 c5 12. Bg5 0-0 13. 0-0 Bd6 14. Ng3 h6 15. Bxf6 Rxf6 16. Qe2 Rg6 17. Nh4 Rg5 18. Nf3 Rg6 19. Kh1 Rf8 20. Rab1 Qd8 21. a3 b5 22. Rbd1 Qe7 23. c4 bxc4 24. dxc4 d4 25. Ng1 Qh4 26. Rd3 Nb6 27. Rc1 Qf4 28. Rf1 Qg4 29. Qxg4 Rxg4 30. f3 Rg5 31. b3 a5 32. N1e2 h5 33. h4 Rg6 34. Nxh5 Rh6 35. g4 g6 36. Nhg3 Rxh4+ 37. Kg2 Kg7 38. Rh1 Rxh1 39. Kxh1 a4 40. bxa4 Nxc4 41. Nf1 Ra8 0-1

[Event "Kuwait Amateur Group A"]
[Site "Kuwait"]
[Date "2017.11.06"]
[Round "2.8"]
[White "Wahid, Hlal"]
[Black "Nandakumar, Menon"]
[Result "0-1"]
[WhiteElo "1552"]
[BlackElo "1481"]
[PlyCount "64"]
[EventDate "2017.11.05"]
[EventType "swiss"]
[EventRounds "9"]
[EventCountry "KUW"]
[SourceTitle "EXT 2024"]
[Source "ChessBase"]
[SourceDate "2023.10.10"]
[SourceVersion "1"]
[SourceVersionDate "2023.10.10"]
[SourceQuality "1"]

1. d4 Nf6 2. Nf3 e6 3. Bg5 Be7 4. c4 c5 5. e3 Nc6 6. Nc3 cxd4 7. exd4 0-0 8. Bd3 Qb6 9. b3 d6 10. h4 h6 11. Be3 Qd8 12. Rc1 a6 13. Bb1 Ng4 14. Qd3 f5 15. a3 Bd7 16. Bf4 e5 17. dxe5 dxe5 18. Qd5+ Kh8 19. Rd1 Nf6 20. Qd2 exf4 21. Qxf4 Bxa3 22. h5 Bb4 23. Rd3 Bxc3+ 24. Rxc3 Qa5 25. Kd2 Ne4+ 26. Bxe4 fxe4 27. Qxe4 Bf5 28. Qe1 Rad8+ 29. Ke2 Rfe8+ 30. Re3 Bd3+ 31. Kd1 Qa1+ 32. Kd2 Qb2+ 0-1

[Event "Kuwait Fischer Cup"]
[Site "Kuwait"]
[Date "2016.10.14"]
[Round "2"]
[White "Nandakumar, Menon"]
[Black "Maqseed, Nasser"]
[Result "0-1"]
[WhiteElo "1469"]
[BlackElo "1978"]
[PlyCount "60"]
[EventDate "2016.10.13"]
[EventType "swiss"]
[EventRounds "9"]
[EventCountry "KUW"]
[SourceTitle "EXT 2018"]
[Source "ChessBase"]
[SourceDate "2017.10.13"]
[SourceVersion "1"]
[SourceVersionDate "2017.10.13"]
[SourceQuality "1"]

1. e4 c5 2. Nf3 Nc6 3. d4 cxd4 4. Nxd4 g6 5. c3 Bg7 6. Be3 Nf6 7. Bd3 0-0 8. 0-0 d6 9. Nd2 Ng4 10. Nc2 Nce5 11. Be2 Nxe3 12. Nxe3 Be6 13. f4 Qb6 14. fxe5 Qxe3+ 15. Kh1 Bxe5 16. Rf3 Qh6 17. h3 Bg4 18. Rd3 Qf4 19. Nf1 Be6 20. b3 Rac8 21. Rc1 Rc7 22. Bf3 Rfc8 23. c4 b5 24. g3 Qh6 25. Rc2 bxc4 26. Rdd2 cxb3 27. Rxc7 Rxc7 28. axb3 Rc3 29. h4 Bxb3 30. Qe2 Bc4 0-1